Temporalidad social y jóvenes: futuro y no-futuro /
En el artículo se revisa la asimilación de los jóvenes a la idea de futuro a partir de dos imágenes presentes, según la autora, en los estudios de juventud en Colombia:peligro social y cambio social. A través de un acercamiento al concepto de temporalidad y al anaálisis de estos estudio de juventud...
Gorde:
| Egile nagusia: | |
|---|---|
| Formatua: | Texto |
| Gaiak: | |
| Etiketak: |
Etiketa erantsi
Etiketarik gabe, Izan zaitez lehena erregistro honi etiketa jartzen!
|
MARC
| LEADER | 00000 a a2200000 04500 | ||
|---|---|---|---|
| 001 | 10165 | ||
| 003 | |||
| 040 | |||
| 100 | |a Arango Cárdenas, Ana María | ||
| 245 | |a Temporalidad social y jóvenes: |b futuro y no-futuro / |c Ana María Arango Cárdenas | ||
| 520 | |a En el artículo se revisa la asimilación de los jóvenes a la idea de futuro a partir de dos imágenes presentes, según la autora, en los estudios de juventud en Colombia:peligro social y cambio social. A través de un acercamiento al concepto de temporalidad y al anaálisis de estos estudio de juventud como expresión de facetas antagónicas |a la autora se aproxima a deliberar sobre las relaciones de temporalidad con la constitución de los sujetos sociales. Concluye el artículo introduciendo algunas inquietudes sobre las regulaciones temporales y sus modos de planificación | ||
| 650 | |a JUVENTUD | ||
| 650 | |a CAMBIO SOCIAL | ||
| 650 | |a PROBLEMAS SOCIALES | ||
| 650 | |a REPRESENTACION SOCIAL | ||
| 650 | |a COLOMBIA | ||
| 773 | |g número 23; páginas 48-57 | ||
| 999 | |c 28973 |d 28973 | ||
